00589nam a2200169 a 450000100100000000500170001000800410002704000250006808200140009324500600010726000500016730000200021750000430023704900090028095201130028999900170040200002934920200930055507.0110415s1955 dr 000 0 spa d aDO-SdBNPbspacBNPHU axxxb471a00aThe fight against illiteracy in the Dominican Republic. aCiudad Trujillo :bEditora del Caribe,c1955. a10 p. ;c24 cm. aYear of the benefactor of the republic aBNPD 00107-18PDaPDbPDcOId2011-04-15iLF1l0oxxx 471ap29349-10r2020-06-25w2020-06-25yLFPDZNo se presta c28841d28841